Estudios en homenaje a Don Claudio Sánchez Albornoz en sus 90 años. (Record no. 61019)

MARC details
000 -LEADER
campo de control de longitud fija 01067nam a2200265 i 4500
001 - NÚMERO DE CONTROL
campo de control 61019
003 - IDENTIFICADOR DE NÚMERO DE CONTROL
campo de control ES-MaACL
005 - FECHA Y HORA DE LA ÚLTIMA TRANSACCIÓN
campo de control 20231228203843.0
007 - CAMPO FIJO DE DESCRIPCIÓN FÍSICA--INFORMACIÓN GENERAL
campo de control de longitud fija t|
008 - DATOS DE LONGITUD FIJA--INFORMACIÓN GENERAL
campo de control de longitud fija 031110m19831986ag |||| |dspa d
080 ## - NÚMERO DE LA CLASIFICACIÓN DECIMAL UNIVERSAL
Número de la Clasificación Decimal Universal 929 Sánchez-Albornoz, Claudio
080 ## - NÚMERO DE LA CLASIFICACIÓN DECIMAL UNIVERSAL
Número de la Clasificación Decimal Universal 946.0(082.2)
245 00 - MENCIÓN DEL TÍTULO
Título Estudios en homenaje a Don Claudio Sánchez Albornoz en sus 90 años.
260 ## - PUBLICACIÓN, DISTRIBUCIÓN, ETC.
Lugar de publicación, distribución, etc. Buenos Aires :
Nombre del editor, distribuidor, etc. Instituto de Historia de España,
Fecha de publicación, distribución, etc. 1983-86.
300 ## - DESCRIPCIÓN FÍSICA
Extensión 4 v. ;
Dimensiones 26 cm.
490 1# - MENCIÓN DE SERIE
Mención de serie Anexos de Cuadernos de historia de España
594 ## - Nota al título y mención de responsabilidad
Nota al título y mención de responsabilidad Precede al tít.: Ministerio de Educación y Justicia, Universidad de Buenos Aires, Facultad de Filosofía y Letras.
600 04 - PUNTO DE ACCESO ADICIONAL DE MATERIA--NOMBRE DE PERSONA
Nombre de persona Sánchez-Albornoz, Claudio,
Fechas asociadas al nombre 1893-1984-
Subdivisión de forma Homenajes
9 (RLIN) 102441
651 #4 - PUNTO DE ACCESO ADICIONAL DE MATERIA--NOMBRE GEOGRÁFICO
Nombre geográfico España-
Subdivisión general Historia.
9 (RLIN) 8209
700 1# - ENTRADA AGREGADA--NOMBRE PERSONAL
Nombre de persona Sánchez-Albornoz, Claudio,
Fechas asociadas al nombre 1893-1984
9 (RLIN) 102440
710 2# - ENTRADA AGREGADA--NOMBRE DE ENTIDAD CORPORATIVA
Nombre de entidad corporativa o nombre de jurisdicción como elemento de entrada Universidad de Buenos Aires.
Unidad subordinada Instituto de Historia de España.
9 (RLIN) 162611
830 1# - PUNTO DE ACCESO ADICIONAL DE SERIE-TÍTULO UNIFORME
Título uniforme Anexos de Cuadernos de historia de España
9 (RLIN) 230580
852 ## - LOCALIZACIÓN
Ubicación ES-MaACL
Número de control de estantería P-367
Holdings
Estatus retirado Estado de pérdida Estado de daño No para préstamo Biblioteca de origen Biblioteca actual Ubicación en estantería Fecha de adquisición Fuente de adquisición Total de préstamos Signatura topográfica completa Código de barras Visto por última vez Precio de reemplazo Tipo de ítem Koha
        Biblioteca del Ateneo de Madrid Biblioteca del Ateneo de Madrid Depósito 2 17/01/2008     P-367 1063987 23/02/2023 23/02/2023 Libro impreso